Empresas recuperadas en Argentina desde una perspectiva gramsciana = Recovered enterprises in Argentina from a gramscian perspective /

Uloženo v:
Podrobná bibliografie
Hlavní autor: Mascheroni, Julieta
Další autoři: Perbellini, Melina
Médium: Text
Jazyk:Spanish
Tagy: Přidat tag
Žádné tagy, Buďte první, kdo vytvoří štítek k tomuto záznamu!

MARC

LEADER 00000 a a2200000 04500
001 48581
003 cru CIDCACS/IIS
005 20190726133830.0
008 190726b ||||| |||| 00| 0 spa d
999 |c 24076  |d 24076 
040 |c cru CIDCACS/IIS 
090 |a REV0862 (146) 2014 
100 |a Mascheroni, Julieta  
245 |a Empresas recuperadas en Argentina desde una perspectiva gramsciana =   |b Recovered enterprises in Argentina from a gramscian perspective /  |c Julieta Mascheroni, Melina Perbellini  
700 |a Perbellini, Melina  
773 |g número146, (2014), páginas 104-111  
942 |2 ddc  |c RE 
773 0 |0 18728  |9 1630  |a Universidad de Costa Rica  |d San José, Costa Rica Editorial UCR 1956-  |o 18147  |t Revista de Ciencias Sociales/  |x 04825276